| 000 | 00953nas a2200325 4500 | ||
|---|---|---|---|
| 001 | BR2016002693 | ||
| 003 | BR-BrBNA | ||
| 005 | 20231205130445.0 | ||
| 007 | ta | ||
| 008 | 230509b bl.|||p| |||| 00| 00por d | ||
| 040 |
_aBR-BrBNA _bpor _cBiblioteca Nacional de Agricultura |
||
| 041 | _a(En) | ||
| 072 | _aP34 | ||
| 100 | 1 | _aPeng, Y. | |
| 100 | 1 | _aHe, Y. | |
| 100 | 1 | _aWu, Z. | |
| 100 | 1 | _aLu, J. | |
| 100 | 1 | _aLi, C. | |
| 245 | 1 | _aScreening and optimization of low-cost medium for Pseudomonas putida Rs-198 culture using RSM | |
| 650 | _aBACTERIA | ||
| 650 | _aPSEUDOMONAS SP | ||
| 650 | _aSOLO SALINO | ||
| 650 | _aSALINIDADE | ||
| 650 | _aRAIZ | ||
| 650 | _aCRESCIMENTO | ||
| 773 | 0 |
_tBrazilian Journal of Microbiology (Brazil) _xISSN 1517-8382 _g(Oct-Dec 2014), v. 45(4) p. 1229-1237 _wBR2016002693 |
|
| 856 | 4 | 0 | _uhttp://www.scielo.br/pdf/bjm/v45n4/13.pdf |
| 909 |
_a202311 _bLúcia _c55 _dLúcia Elande |
||
| 942 |
_2AGRIS _n0 _cANA |
||
| 999 |
_c249545 _d249545 |
||